The Mackay School founded 1857
Kaydedildi:
| Yazar: | |
|---|---|
| Materyal Türü: | Kitap |
| Dil: | İspanyolca |
| Baskı/Yayın Bilgisi: |
Viña del Mar
EMCB Comunicaciones
2004
|
| Edisyon: | 1a. ed |
| Konular: | |
| Etiketler: |
Etiketle
Etiket eklenmemiş, İlk siz ekleyin!
|
MARC
| LEADER | 00000nam a2200000 a 4500 | ||
|---|---|---|---|
| 001 | UCH3410 | ||
| 003 | CL-VaPUC | ||
| 008 | 090723e20040700CL |||||||||||||||||spa|d | ||
| 082 | 0 | 4 | |a 371.009 |b CAS |2 21 |
| 100 | 0 | |a Castagneto Garviso, Piero |e author |9 538750 | |
| 245 | 1 | 4 | |a The Mackay School founded 1857 |
| 250 | |a 1a. ed | ||
| 300 | |a 162 p | ||
| 942 | |c BK | ||
| 945 | |d 20090723 00:00:00 |a dcastane | ||
| 260 | |a Viña del Mar |b EMCB Comunicaciones |c 2004 | ||
| 600 | 0 | 7 | |a THE MACKAY SCHOOL |2 CL-VaPUC |9 538751 |
| 650 | 7 | |a HISTORIA DE COLEGIOS |2 CL-VaPUC |9 538752 | |
| 650 | 7 | |a COLEGIOS PRIVADOS |2 CL-VaPUC |9 538753 | |
| 650 | 7 | |a ESCUELAS PRIVADAS |2 CL-VaPUC |9 312138 | |
| 583 | |a last modification |c 20090723 00:00:00 |k Rodrigo Vera | ||
| 999 | |c 334979 |d 334977 | ||
| 952 | |0 0 |1 0 |4 0 |6 371_009000000000000_CAS_2004 |7 0 |8 X |9 424426 |a FDOBUD |b FDOBUD |d 2019-11-22 |i 4578597 |o 371.009 CAS 2004 |p 4578597 |r 2019-11-22 |w 2019-11-22 |y BK_X |k BUD | ||
| 952 | |0 0 |1 0 |4 0 |6 371_009000000000000_CAS_2004 |7 0 |8 X |9 424427 |a FDOBUD |b FDOBUD |d 2019-11-22 |i 4598563 |o 371.009 CAS 2004 |p 4598563 |r 2019-11-22 |w 2019-11-22 |y BK_X |k BUD | ||